| 000 | 00000nam##2200000za#4500 |
| 001 | 9.612555 |
| 003 | CaOODSP |
| 005 | 20200327174533 |
| 007 | ta |
| 008 | 150406|1995||||xxc||||| f|0| 0 eng|d |
| 020 | |a0-662-23785-4 |
| 040 | |aCaOODSP|beng |
| 043 | |an-cn--- |
| 086 | 1 |aC2-280/3-1995E |
| 110 | 1 |aCanada. |bIndustry Canada. |
| 245 | 10|aDirectors' and other corporate residency issues |
| 260 | |aOttawa - Ontario : |bIndustry Canada |c1995. |
| 300 | |a73p. in various pagings. Accompanied by a questionnaire, 12p. : |breferences, tables ; |c28 cm. |
| 490 | 1 |aCanada Business Corporations Act |
| 500 | |aContents: Introduction.--Residency requirements.--Directors' residency (s. 105(3)), (s. 114(3)), (s. 115(2)).--Location of corporate records (s. 20).--Registered office (s. 19).--Location of shareholder meetings (s. 132). |
| 563 | |aProcessed |
| 590 | |a95-37|b1995-09-15 |
| 690 | 07|aCorporations|2gcpds |
| 775 | 08|tExigences relatives au lieu de résidence|w(CaOODSP)9.623501 |
| 776 | 0#|tDirectors' and other corporate residency issues|w(CaOODSP)9.571829 |
| 830 | #0|aCanada Business Corporations Act.|w(CaOODSP)9.514429 |